Statistiques concernant Football_J'ai joué avec... #1

Cliquez ici pour prendre le quiz!

Statistiques générales

  • Ce quiz a été pris 23 fois
  • Le résultat moyen est 2 sur 8

Statistiques - réponses

Player 1Player 2Player 3Player 4Réponse% Correct
M. DepayLucas MouraK. KvaratskheliaE.LamelaNdombélé
47%
A. RabiotN. RadonjicF. RibéryF. ChiesaVlahovic
40%
B. CheyrouR. Van PersieR. SterlingM. ValbuenaSagna
33%
C. RonaldoA. GriezmannS. RamosD. LuizMorata
20%
J. StonesA. SanchezG. DeulofeuJ. LingardLukaku
7%
Y. BounouAlex SandroA. SanchezMarceloNeymar
7%
R. VaraneC. TevezZ. IbrahimovicR. LukakuPogba
7%
D. AlabaD. DrogbaL. GustavoS. RamosRobben
7%

Distribution des résultats

Percentile par nombre de réponses

% des personnes avec chaque résultat

Votre développement - résultats

Vous n’avez pas pris ce quiz